[Event "CYCC U14 w"]
[Site "Quebec CAN"]
[Date "2018.07.04"]
[Round "5.57"]
[White "Tan, Kylie"]
[Black "Van, Anna"]
[Result "0-1"]
[WhiteElo "1631"]
[BlackElo "1655"]
[PlyCount "112"]
[EventDate "2018.07.02"]
[EventType "swiss"]
[EventRounds "7"]
[EventCountry "CAN"]

1. e4 c5 2. Nf3 Nc6 3. d4 cxd4 4. Nxd4 e5 5. Nb3 Nf6 6. Bd3 Be7 7. Nc3 O-O 8.
Be3 d6 9. f3 Be6 10. Nd5 Bxd5 11. exd5 Nb4 12. Be4 Nxe4 13. fxe4 Bg5 14. Bf2 f5
15. c3 Na6 16. h4 Be7 17. exf5 Rxf5 18. Qg4 Qf8 19. Be3 h5 20. Qh3 Qf7 21.
O-O-O b6 22. Rhe1 Qg6 23. Nd2 Rc8 24. a3 Nc5 25. Bxc5 Rxc5 26. Ne4 Rc4 27. Qd3
Rc7 28. g3 Qg4 29. Rf1 g6 30. Rde1 Kg7 31. Kb1 Rc8 32. Rg1 Rf3 33. Qe2 Rcf8 34.
Ka2 Qf5 35. Ka1 Qf7 36. Qd2 Qe8 37. Ka2 Qb5 38. Re3 Rxe3 39. Qxe3 Qxd5+ 40. Kb1
Rc8 41. Qe2 Rc4 42. Nd2 Rg4 43. Nf1 Re4 44. Qc2 Re1+ 45. Qc1 Qd3+ 46. Ka2 Rxc1
47. a4 Rxf1 48. Rxf1 Qxf1 49. Ka3 Qc4 50. b3 Qxc3 51. Ka2 Qc2+ 52. Ka3 d5+ 53.
b4 Qc3+ 54. Ka2 Bxb4 55. g4 Qc2+ 56. Ka1 Bc3# 0-1

[Event "CYCC U14 w"]
[Site "Quebec CAN"]
[Date "2018.07.04"]
[Round "5.59"]
[White "Chen, Annie"]
[Black "Caron, Ashley"]
[Result "0-1"]
[WhiteElo "1047"]
[BlackElo "799"]
[PlyCount "106"]
[EventDate "2018.07.02"]
[EventType "swiss"]
[EventRounds "7"]
[EventCountry "CAN"]

1. e4 e5 2. Nf3 Nc6 3. c4 Nf6 4. Nc3 d6 5. d3 Nd4 6. Be2 Bg4 7. h3 Nxf3+ 8.
Bxf3 Bxf3 9. Qxf3 Be7 10. Nd5 O-O 11. Nxe7+ Qxe7 12. Be3 Qd7 13. d4 exd4 14.
Bxd4 Qe6 15. O-O Nxe4 16. Rad1 c5 17. Qd3 cxd4 18. Rfe1 Rfe8 19. Qxd4 Rac8 20.
b3 Qf6 21. Rxe4 Rxe4 22. Qxe4 b6 23. Re1 h6 24. Qb1 Qg6 25. Qc1 Rc5 26. Re8+
Kh7 27. Qe1 Re5 28. Rxe5 dxe5 29. Qxe5 Qb1+ 30. Kh2 Qxa2 31. Qf5+ Kg8 32. b4
Qxc4 33. Qd7 a5 34. Qe8+ Kh7 35. bxa5 Qf4+ 36. Kg1 bxa5 37. g3 Qc1+ 38. Kh2 Qc4
39. Qe1 a4 40. Qb1+ g6 41. Qa1 Qb3 42. Qc1 a3 43. g4 Qb2 44. Qc7 Qxf2+ 45. Kh1
a2 46. Qc1 Qf3+ 47. Kh2 Qe2+ 48. Kh1 Qe4+ 49. Kh2 Qe5+ 50. Kg2 a1=Q 51. Qxa1
Qxa1 52. Kg3 Qc3+ 53. Kh4 Qe1# 0-1

[Event "CYCC U14 w"]
[Site "Quebec CAN"]
[Date "2018.07.04"]
[Round "6.54"]
[White "He, Emma"]
[Black "Boucher, Myriam"]
[Result "1-0"]
[WhiteElo "1906"]
[BlackElo "1114"]
[PlyCount "75"]
[EventDate "2018.07.02"]
[EventType "swiss"]
[EventRounds "7"]
[EventCountry "CAN"]

1. e4 e5 2. Nf3 Nc6 3. Bc4 Nf6 4. d3 Bc5 5. c3 d6 6. O-O Bg4 7. h3 Bh5 8. Nbd2
O-O 9. Re1 Re8 10. Nf1 a6 11. Ng3 Bxf3 12. Qxf3 b5 13. Bb3 b4 14. Nf5 Na5 15.
Qg3 g6 16. Nh6+ Kg7 17. Nxf7 Qd7 18. Bh6+ Kg8 19. Nxe5+ Nxb3 20. Nxd7 Nxd7 21.
axb3 bxc3 22. bxc3 Ne5 23. d4 Nf7 24. dxc5 Nxh6 25. cxd6 cxd6 26. Qxd6 a5 27.
Qd5+ Nf7 28. Re3 Rf8 29. Rf3 Rad8 30. Rxf7 Rxf7 31. Qxd8+ Rf8 32. Qd5+ Rf7 33.
Rxa5 Kg7 34. Qd4+ Kh6 35. Ra7 Rf4 36. Qg7+ Kg5 37. Ra5+ Kh4 38. Qh6# 1-0

[Event "CYCC U14 w"]
[Site "Quebec CAN"]
[Date "2018.07.04"]
[Round "6.55"]
[White "Lin, Alle"]
[Black "Guo, Hazel"]
[Result "0-1"]
[WhiteElo "1420"]
[BlackElo "1462"]
[PlyCount "80"]
[EventDate "2018.07.02"]
[EventType "swiss"]
[EventRounds "7"]
[EventCountry "CAN"]

1. d4 d5 2. c4 e6 3. Nf3 c6 4. e3 f5 5. Nc3 Nf6 6. Bd3 Bd6 7. O-O Nbd7 8. b3
O-O 9. Bb2 Ne4 10. Nd2 Qh4 11. f4 Ndf6 12. Nf3 Qh6 13. Ne5 Bxe5 14. dxe5 Ng4
15. h3 Nxe3 16. Qe1 Nxf1 17. Qxf1 b6 18. Re1 Ba6 19. cxd5 Bxd3 20. Qxd3 Qxf4
21. Nxe4 fxe4 22. Qf1 Qxf1+ 23. Rxf1 Rxf1+ 24. Kxf1 Rf8+ 25. Ke2 cxd5 26. Bd4
Kf7 27. a3 Kg6 28. Be3 Kf5 29. Bd4 Kf4 30. Kf2 e3+ 31. Bxe3+ Kxe5+ 32. Ke2 d4
33. Bd2 Ke4 34. Be1 d3+ 35. Kd2 Rc8 36. Bf2 Rc2+ 37. Ke1 Rxf2 38. Kxf2 Kd4 39.
Ke1 Kc3 40. Kd1 d2 0-1

[Event "CYCC U14 w"]
[Site "Quebec CAN"]
[Date "2018.07.04"]
[Round "6.56"]
[White "Wang, Isabelle"]
[Black "Wu, Ingrid"]
[Result "1/2-1/2"]
[WhiteElo "1547"]
[BlackElo "1286"]
[PlyCount "87"]
[EventDate "2018.07.02"]
[EventType "swiss"]
[EventRounds "7"]
[EventCountry "CAN"]

1. e4 c5 2. Nc3 Nc6 3. g3 g6 4. Bg2 Bg7 5. Nge2 d6 6. d3 e6 7. O-O Nge7 8. f4
O-O 9. Be3 b6 10. Qd2 Bb7 11. g4 Nd4 12. Nd1 d5 13. e5 Ndc6 14. d4 c4 15. Ng3
Qd7 16. Nc3 Rad8 17. h4 f6 18. h5 f5 19. g5 Rfe8 20. hxg6 hxg6 21. Kf2 a6 22.
Rh1 Kf7 23. Rh7 Rh8 24. Rah1 b5 25. Rxh8 Rxh8 26. Rxh8 Bxh8 27. a3 Nc8 28. Na2
N8a7 29. b3 Qc7 30. bxc4 bxc4 31. Nb4 Nxb4 32. Qxb4 Nb5 33. a4 Na7 34. Ne2 a5
35. Qa3 Bg7 36. Qb2 Bc6 37. Qa2 Qd7 38. Bd2 Qc7 39. Nc3 Qb6 40. Ke3 Bf8 41. Nd1
Bb4 42. c3 Be7 43. Bf3 Nc8 44. Nb2 1/2-1/2

[Event "CYCC U14 w"]
[Site "Quebec CAN"]
[Date "2018.07.04"]
[Round "6.57"]
[White "Van, Anna"]
[Black "Farkas, Jezzel"]
[Result "1/2-1/2"]
[WhiteElo "1655"]
[BlackElo "1473"]
[PlyCount "83"]
[EventDate "2018.07.02"]
[EventType "swiss"]
[EventRounds "7"]
[EventCountry "CAN"]

1. e4 d5 2. exd5 Qxd5 3. Nc3 Qd6 4. d4 Nf6 5. Nf3 a6 6. h3 Nc6 7. Be3 Bf5 8. a3
O-O-O 9. Bd3 Bxd3 10. Qxd3 h6 11. O-O e6 12. b4 g5 13. Rfb1 Nd5 14. Ne4 Qd7 15.
b5 Nb8 16. Ne5 Qe8 17. c4 Nxe3 18. fxe3 Bg7 19. Nf3 f5 20. Nc5 Rd6 21. Qb3 a5
22. Na4 f4 23. c5 Rd5 24. e4 Rxd4 25. Nxd4 Bxd4+ 26. Kh2 Bxa1 27. Rxa1 Rf8 28.
b6 Qc6 29. bxc7 Kxc7 30. Re1 Nd7 31. Kg1 Nxc5 32. Nxc5 Qxc5+ 33. Kf1 e5 34. Qb2
Qc4+ 35. Kf2 Qd4+ 36. Qxd4 exd4 37. Ke2 Kd6 38. Kd3 Ke5 39. Rb1 Rc8 40. Rb5+
Ke6 41. Kxd4 Rc6 42. Rxb7 1/2-1/2

[Event "CYCC U14 w"]
[Site "Quebec CAN"]
[Date "2018.07.04"]
[Round "6.58"]
[White "Caron, Ashley"]
[Black "Shan, Lyvia"]
[Result "1/2-1/2"]
[WhiteElo "799"]
[BlackElo "814"]
[PlyCount "108"]
[EventDate "2018.07.02"]
[EventType "swiss"]
[EventRounds "7"]
[EventCountry "CAN"]

1. e4 e5 2. Nf3 Nc6 3. Bc4 Nf6 4. Ng5 d5 5. exd5 Na5 6. b3 Nxc4 7. bxc4 h6 8.
Nf3 e4 9. Ne5 Bd6 10. Bb2 Qe7 11. d4 b6 12. O-O Bb7 13. h3 O-O 14. Nc6 Bxc6 15.
dxc6 Rad8 16. d5 Be5 17. Bxe5 Qxe5 18. Nd2 b5 19. Qe2 Rfe8 20. Rfe1 bxc4 21. f3
Qxd5 22. Nxc4 exf3 23. Qd3 Rxe1+ 24. Rxe1 Qxd3 25. cxd3 Rxd3 26. Ne5 f2+ 27.
Kxf2 Rd2+ 28. Kg1 Rxa2 29. Nd7 Rc2 30. Nxf6+ gxf6 31. Re8+ Kg7 32. Ra8 Rxc6 33.
Rxa7 Rc1+ 34. Kh2 c5 35. Kg3 Re1 36. Rc7 Re5 37. Kf4 Kf8 38. Rc8+ Ke7 39. Rc6
Kd7 40. Rxf6 Rd5 41. Rxf7+ Kd6 42. Rf8 c4 43. Rd8+ Kc5 44. Rxd5+ Kxd5 45. Ke3
Kc5 46. Kd2 Kd4 47. g4 c3+ 48. Kc2 Ke5 49. Kxc3 Kf4 50. Kd2 Kg3 51. Ke3 Kxh3
52. Kf4 Kh4 53. Kf5 h5 54. gxh5 Kxh5 1/2-1/2

[Event "CYCC U14 w"]
[Site "Quebec CAN"]
[Date "2018.07.05"]
[Round "7.54"]
[White "Van, Anna"]
[Black "He, Emma"]
[Result "0-1"]
[WhiteElo "1656"]
[BlackElo "1906"]
[PlyCount "124"]
[EventDate "2018.07.02"]
[EventType "swiss"]
[EventRounds "7"]
[EventCountry "CAN"]

1. e4 e5 2. Nf3 Nc6 3. Bc4 Nf6 4. d3 Bc5 5. c3 O-O 6. Bb3 d5 7. Qe2 a5 8. O-O
a4 9. Bc2 d4 10. h3 b5 11. Bg5 a3 12. b3 Be6 13. cxd4 Nxd4 14. Qd1 Nxf3+ 15.
Qxf3 Bd4 16. Nd2 Bxa1 17. Rxa1 Ra6 18. Qg3 Re8 19. Qxe5 Bxb3 20. Qxb5 Rb6 21.
Qc5 Bxc2 22. Qxc2 Qd4 23. Rc1 Rb2 24. Qc6 Rf8 25. Qxc7 Rxa2 26. Qg3 Ra1 27. Nb3
Rxc1+ 28. Nxc1 Nd7 29. Qe3 Qxe3 30. Bxe3 Rb8 31. Kh2 Rb2 32. Bd4 Rc2 33. Nb3 a2
34. Kg3 f6 35. Kf4 Kf7 36. Kf5 g6+ 37. Kf4 Ke6 38. g4 Ne5 39. Ke3 Nc6 40. Ba1
f5 41. gxf5+ gxf5 42. Bd4 fxe4 43. dxe4 Ne7 44. Kd3 Rc8 45. Nc5+ Rxc5 46. Bxc5
a1=Q 47. f4 Qf1+ 48. Ke3 Qxh3+ 49. Kd4 Qg4 50. f5+ Nxf5+ 51. Kd3 Qf3+ 52. Kc4
Qxe4+ 53. Kc3 Kd5 54. Bg1 h5 55. Kd2 Qg2+ 56. Kd3 Qxg1 57. Kc3 Qd4+ 58. Kb3
Qc4+ 59. Kb2 Kd4 60. Ka3 Qb5 61. Ka2 Kc3 62. Ka1 Qb2# 0-1

[Event "CYCC U14 w"]
[Site "Quebec CAN"]
[Date "2018.07.05"]
[Round "7.55"]
[White "Guo, Hazel"]
[Black "Wang, Isabelle"]
[Result "1/2-1/2"]
[WhiteElo "1462"]
[BlackElo "1547"]
[PlyCount "136"]
[EventDate "2018.07.02"]
[EventType "swiss"]
[EventRounds "7"]
[EventCountry "CAN"]

1. e4 e5 2. Nf3 Nc6 3. d4 exd4 4. Bc4 Nf6 5. e5 d5 6. Bb5 Ne4 7. Nxd4 Bd7 8.
Bxc6 bxc6 9. O-O Be7 10. f3 Ng5 11. f4 Ne4 12. Be3 O-O 13. Nd2 Nxd2 14. Qxd2 c5
15. Nb3 d4 16. Bf2 Bf5 17. Rad1 Qd5 18. Nc1 Rad8 19. b3 Be4 20. Bg3 c4 21. f5
f6 22. e6 c5 23. Ne2 c3 24. Qc1 Bxf5 25. Nxc3 Qxe6 26. Rde1 Qd7 27. Na4 Bg6 28.
Nb2 Bf7 29. Rd1 Qb5 30. Rfe1 Bd6 31. Bxd6 Rxd6 32. Re7 Rd7 33. Rxd7 Qxd7 34. c3
Rd8 35. Na4 Qd5 36. Nb2 Be8 37. cxd4 cxd4 38. Nd3 Bc6 39. Rd2 Ba8 40. Nf4 Qe5
41. Rd3 Bb7 42. Qc4+ Kh8 43. Ng6+ hxg6 44. Rh3+ Qh5 45. Rxh5+ gxh5 46. Qc7 Rc8
47. Qxb7 Rc1+ 48. Kf2 d3 49. Qxa7 d2 50. Qa8+ Kh7 51. Qe4+ Kh8 52. Qe8+ Kh7 53.
Qxh5+ Kg8 54. Qd5+ Kh8 55. Qd8+ Kh7 56. Qxd2 Rc5 57. Qd3+ Kg8 58. Qc4+ Rxc4 59.
bxc4 Kf7 60. a4 Ke7 61. a5 Kd7 62. c5 Kc6 63. a6 g6 64. h3 Kc7 65. g3 f5 66.
Ke3 Kc6 67. Kd4 Kc7 68. Kd5 Kc8 1/2-1/2

[Event "CYCC U14 w"]
[Site "Quebec CAN"]
[Date "2018.07.05"]
[Round "7.56"]
[White "Lin, Alle"]
[Black "Tan, Kylie"]
[Result "1/2-1/2"]
[WhiteElo "1420"]
[BlackElo "1631"]
[PlyCount "85"]
[EventDate "2018.07.02"]
[EventType "swiss"]
[EventRounds "7"]
[EventCountry "CAN"]

1. d4 f5 2. c4 Nf6 3. Nc3 e6 4. Bg5 Be7 5. Nf3 d6 6. Qc2 O-O 7. e3 Nbd7 8. Bd3
h6 9. Bh4 Nb6 10. Rd1 Qe8 11. Nb5 Qd7 12. c5 Nbd5 13. a3 a6 14. Nc3 Qd8 15. O-O
Nxc3 16. bxc3 dxc5 17. dxc5 Qe8 18. Qb3 Bxc5 19. Bxf5 Nd5 20. Rxd5 exd5 21.
Bxc8 Rxc8 22. Qxd5+ Qf7 23. Qxc5 c6 24. Ne5 Qf5 25. Qc4+ Kh8 26. Nd3 Qg6 27.
Nf4 Qg4 28. Qd4 Qf5 29. Qb4 Rb8 30. Bg3 Qf7 31. Qb1 Kg8 32. Qg6 Ra8 33. Qe6
Qxe6 34. Nxe6 Rf7 35. Nc5 Rd8 36. h3 Rd5 37. Nb3 Re7 38. Nd4 Rf7 39. Rb1 Rc5
40. Rc1 Ra5 41. Ra1 Rc5 42. Rc1 Ra5 43. Ra1 1/2-1/2

[Event "CYCC U14 w"]
[Site "Quebec CAN"]
[Date "2018.07.05"]
[Round "7.57"]
[White "Farkas, Jezzel"]
[Black "Wu, Ingrid"]
[Result "1/2-1/2"]
[WhiteElo "1473"]
[BlackElo "1286"]
[PlyCount "66"]
[EventDate "2018.07.02"]
[EventType "swiss"]
[EventRounds "7"]
[EventCountry "CAN"]

1. d4 d5 2. c4 e6 3. Nf3 Nf6 4. Nc3 Nbd7 5. Bg5 Be7 6. e3 O-O 7. Be2 c6 8. cxd5
exd5 9. O-O h6 10. Bh4 b6 11. Rc1 Bb7 12. Bg3 Rc8 13. h3 Re8 14. Qd2 Ne4 15.
Nxe4 dxe4 16. Ne5 Nxe5 17. Bxe5 Bf6 18. Bg3 c5 19. Bg4 Ra8 20. Rfd1 cxd4 21.
exd4 Qd5 22. Qe3 Bg5 23. Bf4 Bxf4 24. Qxf4 Qxa2 25. Rc7 Bd5 26. Bd7 Rf8 27. Qc1
Be6 28. Bxe6 Qxe6 29. d5 Qd6 30. Qc6 Rfd8 31. Qb7 Rdb8 32. Qc6 Rd8 33. Qb7 Rdb8
1/2-1/2

[Event "CYCC U14 w"]
[Site "Quebec CAN"]
[Date "2018.07.05"]
[Round "7.58"]
[White "Shan, Lyvia"]
[Black "Chen, Annie"]
[Result "0-1"]
[WhiteElo "814"]
[BlackElo "1047"]
[PlyCount "106"]
[EventDate "2018.07.02"]
[EventType "swiss"]
[EventRounds "7"]
[EventCountry "CAN"]

1. e4 e5 2. Nf3 Nc6 3. Nc3 Nf6 4. Bc4 d6 5. O-O Be7 6. d3 Nd4 7. h3 Be6 8. Bxe6
Nxe6 9. d4 exd4 10. Nxd4 Nc5 11. Re1 O-O 12. Bf4 h6 13. Qd2 Ng4 14. hxg4 Bg5
15. Bxg5 hxg5 16. e5 Qd7 17. Qxg5 Rfe8 18. Nf5 Ne6 19. Nh6+ Kf8 20. Qh5 Nf4 21.
Qg5 dxe5 22. Rxe5 Rxe5 23. Qxe5 Qd6 24. Qxd6+ cxd6 25. Re1 gxh6 26. g3 Nh3+ 27.
Kg2 Ng5 28. f4 Ne6 29. f5 Nd4 30. Nd5 Re8 31. Ne7 Rxe7 32. Rxe7 Kxe7 33. c3 Nc6
34. Kf3 d5 35. Kf4 Kf6 36. b4 d4 37. cxd4 Nxd4 38. Ke4 Nb5 39. Kd5 Kg5 40. Kc5
Nc3 41. a3 Kxg4 42. b5 b6+ 43. Kb4 Nd5+ 44. Kc4 Ne3+ 45. Kb4 Nxf5 46. a4 Nd6
47. a5 bxa5+ 48. Kxa5 Nc4+ 49. Kb4 Kxg3 50. Kxc4 f5 51. Kd4 f4 52. Ke4 f3 53.
Ke3 Kg2 0-1

[Event "CYCC U16"]
[Site "Quebec CAN"]
[Date "2018.07.02"]
[Round "1.25"]
[White "Raninga, Aditya"]
[Black "Eirew, Milo"]
[Result "1-0"]
[WhiteElo "1862"]
[BlackElo "948"]
[PlyCount "77"]
[EventDate "2018.07.02"]
[EventType "swiss"]
[EventRounds "7"]
[EventCountry "CAN"]

1. e4 e5 2. Bc4 Nf6 3. d3 Bc5 4. Nc3 Nc6 5. f4 d6 6. Nf3 Ng4 7. Ng5 O-O 8. f5
Bf2+ 9. Kf1 Ne3+ 10. Bxe3 Bxe3 11. Nf3 Nd4 12. b4 c6 13. a3 Qf6 14. g4 b5 15.
Ba2 Bb7 16. g5 Qd8 17. Nxd4 exd4 18. Ne2 d5 19. exd5 cxd5 20. Bb3 Qd7 21. Ng3
Qd6 22. Qf3 Rae8 23. Kg2 Re7 24. Rae1 Rfe8 25. f6 Re5 26. fxg7 Kxg7 27. Nf5+
Rxf5 28. Qxf5 Re5 29. Qf3 Bc8 30. Rhf1 Rf5 31. Qh5 Qd7 32. Rxf5 Qxf5 33. Qf3
Qe6 34. Bxd5 Qd7 35. Rf1 Kg8 36. Bxf7+ Kg7 37. Qf6+ Kf8 38. Be8+ Kxe8 39. Qf8#
1-0

[Event "CYCC U16"]
[Site "Quebec CAN"]
[Date "2018.07.03"]
[Round "3.14"]
[White "Zhang, Henry"]
[Black "Doknjas, Joshua"]
[Result "0-1"]
[WhiteElo "2223"]
[BlackElo "2257"]
[PlyCount "72"]
[EventDate "2018.07.02"]
[EventType "swiss"]
[EventRounds "7"]
[EventCountry "CAN"]

1. e4 c5 2. Nf3 d6 3. d4 cxd4 4. Qxd4 Nf6 5. Nc3 Nc6 6. Bb5 Bd7 7. Bxc6 Bxc6 8.
Bg5 e6 9. O-O-O Be7 10. Qd3 Qa5 11. h4 h6 12. Bd2 Ng4 13. Be1 Qc5 14. Nd4 h5
15. Qe2 a6 16. f3 Ne5 17. Bf2 Qa5 18. Nb3 Qc7 19. Bd4 Rg8 20. Kb1 b5 21. f4 Ng4
22. Rd2 b4 23. Nd1 a5 24. Nf2 a4 25. Nc1 Nxf2 26. Bxf2 Qb7 27. Re1 Ra5 28. g3
g6 29. Qe3 Qb5 30. Ne2 Bd7 31. Red1 Qc6 32. Qb6 Ra8 33. Qxb4 f6 34. Rd4 Kf7 35.
Rc4 Qa6 36. Nc3 Rgb8 0-1

[Event "CYCC U16"]
[Site "Quebec CAN"]
[Date "2018.07.03"]
[Round "3.15"]
[White "Surya, Benito"]
[Black "Tinica, Gabriel"]
[Result "1-0"]
[WhiteElo "2094"]
[BlackElo "1889"]
[PlyCount "95"]
[EventDate "2018.07.02"]
[EventType "swiss"]
[EventRounds "7"]
[EventCountry "CAN"]

1. e4 c5 2. Nf3 g6 3. h4 h5 4. Bc4 e6 5. Nc3 Bg7 6. d3 Nc6 7. Bf4 a6 8. Qd2 d6
9. a3 b5 10. Ba2 Rb8 11. O-O-O b4 12. axb4 Nxb4 13. Bb3 Nc6 14. Ba4 Qb6 15. b3
e5 16. Nd5 Qb7 17. Be3 Bd7 18. Qc3 Nd4 19. Bxd7+ Kxd7 20. Qc4 Qb5 21. Nb6+ Kc6
22. Bxd4 Qxc4 23. Nxc4 cxd4 24. Kb2 Ne7 25. Ra1 Ra8 26. Ra5 Ra7 27. Rha1 Rha8
28. b4 Nc8 29. Nfd2 Bf6 30. g3 Bd8 31. R5a3 Kb5 32. Rb3 Kc6 33. Na5+ Bxa5 34.
Rxa5 Rb7 35. b5+ Kc7 36. bxa6 Rxb3+ 37. cxb3 Na7 38. b4 Nc6 39. Ra4 Kb6 40.
Nc4+ Kb5 41. Kb3 Nd8 42. Nxd6+ Kc6 43. Nc4 f6 44. Ra5 Ne6 45. Rd5 Rd8 46. b5+
Kc7 47. Rxd8 Nxd8 48. Kb4 1-0

[Event "CYCC U16"]
[Site "Quebec CAN"]
[Date "2018.07.03"]
[Round "3.16"]
[White "Raninga, Aditya"]
[Black "Sivapathasundaram, Manojh"]
[Result "1/2-1/2"]
[WhiteElo "1862"]
[BlackElo "1825"]
[PlyCount "49"]
[EventDate "2018.07.02"]
[EventType "swiss"]
[EventRounds "7"]
[EventCountry "CAN"]

1. e4 c5 2. Nf3 d6 3. d4 cxd4 4. Nxd4 Nf6 5. Nc3 g6 6. Be3 Bg7 7. f3 Nc6 8. Qd2
O-O 9. Bc4 Bd7 10. h4 Rc8 11. Bb3 Nxd4 12. Bxd4 a5 13. a3 b5 14. Nd5 Nxd5 15.
Bxg7 Kxg7 16. Bxd5 Kg8 17. g4 e6 18. Ba2 Qf6 19. O-O-O b4 20. Qe3 Ba4 21. Rh2
bxa3 22. Rd4 axb2+ 23. Kb1 Qe5 24. f4 Qb5 25. Qd3 1/2-1/2

[Event "CYCC U16"]
[Site "Quebec CAN"]
[Date "2018.07.03"]
[Round "3.17"]
[White "Liu, Lambert"]
[Black "Gaisinsky, Adam"]
[Result "1/2-1/2"]
[WhiteElo "2189"]
[BlackElo "2108"]
[PlyCount "40"]
[EventDate "2018.07.02"]
[EventType "swiss"]
[EventRounds "7"]
[EventCountry "CAN"]

1. e4 e5 2. Nf3 Nc6 3. Bc4 Nf6 4. d3 Be7 5. O-O O-O 6. Re1 d6 7. a4 Na5 8. Ba2
c5 9. Nc3 Nc6 10. Nd5 Be6 11. c3 Re8 12. h3 h6 13. d4 cxd4 14. cxd4 Bxd5 15.
Bxd5 Nxd5 16. exd5 Nxd4 17. Nxd4 exd4 18. Qxd4 Bf6 19. Rxe8+ Qxe8 20. Qe3 b6
1/2-1/2

[Event "CYCC U16"]
[Site "Quebec CAN"]
[Date "2018.07.03"]
[Round "3.18"]
[White "Xu, Andrew"]
[Black "Richardson, Kai"]
[Result "0-1"]
[WhiteElo "1537"]
[BlackElo "2042"]
[PlyCount "78"]
[EventDate "2018.07.02"]
[EventType "swiss"]
[EventRounds "7"]
[EventCountry "CAN"]

1. e4 e5 2. Nf3 Nc6 3. Bc4 Bc5 4. c3 Nf6 5. d4 exd4 6. cxd4 Bb4+ 7. Bd2 Bxd2+
8. Nbxd2 d6 9. O-O O-O 10. Re1 Bg4 11. Qc2 Nd7 12. Rac1 Rc8 13. a3 Ne7 14. b4
c6 15. Bd3 Ng6 16. h3 Be6 17. e5 d5 18. Nf1 b5 19. Ng3 Nb6 20. Nf5 Nc4 21. a4
a5 22. axb5 cxb5 23. Bxc4 Rxc4 24. Qd3 Nf4 25. Qb1 Rxb4 26. Qc2 Rc4 27. Qd2
Nxh3+ 28. gxh3 Bxf5 29. Kh2 b4 30. Ra1 Rc2 31. Qf4 Bg6 32. Nd2 Rc3 33. Nb1 Rd3
34. Nd2 Qb6 35. Nf3 b3 36. Reb1 b2 37. Ra2 Rxf3 38. Rbxb2 Qxb2 39. Rxb2 Rxf4
0-1

[Event "CYCC U16"]
[Site "Quebec CAN"]
[Date "2018.07.03"]
[Round "3.19"]
[White "Li, Eric M"]
[Black "Rashid, Kaden"]
[Result "1-0"]
[WhiteElo "2032"]
[BlackElo "1366"]
[PlyCount "33"]
[EventDate "2018.07.02"]
[EventType "swiss"]
[EventRounds "7"]
[EventCountry "CAN"]

1. d4 Nf6 2. Nf3 d5 3. Bf4 e6 4. e3 c5 5. c3 Bd6 6. Bg3 O-O 7. Nbd2 Nc6 8. Bd3
b6 9. O-O Bb7 10. Ne5 Qc7 11. f4 Bxe5 12. fxe5 Nd7 13. Qh5 g6 14. Qh6 cxd4 15.
cxd4 Na5 16. Nf3 f6 17. exf6 1-0

[Event "CYCC U16"]
[Site "Quebec CAN"]
[Date "2018.07.03"]
[Round "3.21"]
[White "Lehingrat, Callum"]
[Black "Stroganov, Victor"]
[Result "1/2-1/2"]
[WhiteElo "1953"]
[BlackElo "1297"]
[PlyCount "76"]
[EventDate "2018.07.02"]
[EventType "swiss"]
[EventRounds "7"]
[EventCountry "CAN"]

1. d4 d5 2. c4 e6 3. Nf3 c5 4. cxd5 exd5 5. g3 Nf6 6. Bg2 Nc6 7. O-O Be7 8. Nc3
O-O 9. Qd3 h6 10. Rd1 Nb4 11. Qb1 Be6 12. dxc5 Bxc5 13. a3 Nc6 14. b4 Bb6 15.
b5 Ne7 16. Nd4 Rc8 17. Bb2 Qc7 18. e3 Bxd4 19. Rxd4 Nf5 20. Rd1 Qc5 21. Nxd5
Nxd5 22. Bxd5 Bxd5 23. Qxf5 Bb3 24. Qg4 g6 25. Rac1 Qf5 26. Qxf5 gxf5 27. Rxc8
Bxd1 28. Rc7 Bf3 29. Bd4 Rd8 30. Kf1 Rd6 31. Ke1 a6 32. Rc5 Rd5 33. Rc8+ Kh7
34. b6 Ra5 35. Rc3 Rb5 36. Kd2 Rb2+ 37. Rc2 Rxc2+ 38. Kxc2 Kg6 1/2-1/2

[Event "CYCC U16"]
[Site "Quebec CAN"]
[Date "2018.07.03"]
[Round "3.22"]
[White "Eirew, Milo"]
[Black "Ratelband, William"]
[Result "0-1"]
[WhiteElo "948"]
[BlackElo "1719"]
[PlyCount "70"]
[EventDate "2018.07.02"]
[EventType "swiss"]
[EventRounds "7"]
[EventCountry "CAN"]

1. e4 c5 2. Nc3 Nc6 3. f4 d6 4. Nf3 g6 5. Bc4 Nf6 6. d3 Bg7 7. O-O a6 8. a4 O-O
9. Qe1 Qc7 10. Qh4 e6 11. Ng5 h6 12. Nh3 Nd4 13. Rf2 Bd7 14. Nd1 b5 15. axb5
axb5 16. Ba2 Ra7 17. f5 g5 18. Nxg5 Rfa8 19. Nxf7 Kxf7 20. Bxe6+ Bxe6 21. Rxa7
Rxa7 22. fxe6+ Nxe6 23. Bxh6 Ra1 24. Rf1 Qe7 25. g4 Kg8 26. Kf2 Bxh6 27. Qxh6
Nxg4+ 28. Ke2 Nxh6 29. Rg1+ Kh7 30. Rg2 Nf4+ 31. Kf3 Nxg2 32. Kxg2 Rxd1 33. Kf3
Rf1+ 34. Kg2 Qf6 35. Kh3 Qf3+ 0-1

[Event "CYCC U16"]
[Site "Quebec CAN"]
[Date "2018.07.03"]
[Round "3.24"]
[White "Liao, Joseph"]
[Black "Jeyakumar, Yathushan"]
[Result "1-0"]
[WhiteElo "1764"]
[BlackElo "1409"]
[PlyCount "157"]
[EventDate "2018.07.02"]
[EventType "swiss"]
[EventRounds "7"]
[EventCountry "CAN"]

1. e4 c5 2. d4 cxd4 3. c3 dxc3 4. Nxc3 Nc6 5. Nf3 Qc7 6. Nd5 Qd8 7. Bf4 d6 8.
Bc4 e6 9. Nc3 a6 10. O-O Nf6 11. Qe2 Be7 12. h3 O-O 13. Rfd1 e5 14. Nxe5 Nxe5
15. Bxe5 Qc7 16. Bh2 b5 17. Bb3 Bb7 18. Rac1 Qb6 19. Nd5 Nxd5 20. Bxd5 Bxd5 21.
Rxd5 Rad8 22. Rcd1 Rd7 23. Qd2 Rfd8 24. e5 Qc6 25. exd6 Bf6 26. Rc1 Qb6 27. Qb4
Qb7 28. Rcd1 Rc8 29. Be5 Bxe5 30. Rxe5 h6 31. b3 Rb8 32. Red5 Qb6 33. Qg4 Rbd8
34. Qg3 Qa5 35. R5d2 Qa3 36. Qe5 Qa5 37. f4 Qb6+ 38. Kh1 f6 39. Qe6+ Kh8 40. b4
Qc6 41. Kh2 Qc3 42. Rd4 Qc6 43. R1d2 Rc8 44. g4 Rcd8 45. g5 hxg5 46. fxg5 fxg5
47. h4 Qf3 48. hxg5 Qh5+ 49. Qh3 Qxh3+ 50. Kxh3 g6 51. Kg3 Kg7 52. Kf3 Kf7 53.
Rf4+ Kg7 54. Rf6 Rf7 55. Rxf7+ Kxf7 56. Ke4 Ke6 57. d7 Rxd7 58. Rxd7 Kxd7 59.
Kd5 Ke7 60. Ke5 Kf7 61. Kd6 Kg7 62. Ke7 Kg8 63. Kf6 Kf8 64. Kxg6 Kg8 65. Kh6
Kh8 66. g6 Kg8 67. g7 Kf7 68. Kh7 Ke6 69. g8=Q+ Ke5 70. Qd8 Ke4 71. Qd6 Ke3 72.
Qd5 Ke2 73. Qd4 Ke1 74. Qb2 Kd1 75. Kg6 Ke1 76. Kf5 Kf1 77. Kf4 Ke1 78. Ke3 Kf1
79. Qf2# 1-0

[Event "CYCC U16"]
[Site "Quebec CAN"]
[Date "2018.07.03"]
[Round "3.25"]
[White "Yang, Brett"]
[Black "Leblanc, Miguel"]
[Result "0-1"]
[WhiteElo "1323"]
[BlackElo "1332"]
[PlyCount "44"]
[EventDate "2018.07.02"]
[EventType "swiss"]
[EventRounds "7"]
[EventCountry "CAN"]

1. c4 e5 2. g3 Nf6 3. Bg2 Nc6 4. Nc3 Bb4 5. e3 Bxc3 6. bxc3 O-O 7. Ne2 d5 8.
cxd5 Nxd5 9. d4 exd4 10. cxd4 Re8 11. O-O Bf5 12. Qb3 Nb6 13. Bd2 Be6 14. Qc2
Qd7 15. Nf4 Bf5 16. Qb3 Be4 17. a4 Bxg2 18. Kxg2 a5 19. Rfc1 Rec8 20. Rc5 Nxd4
21. exd4 Qxd4 22. Be3 Qxa1 0-1

[Event "CYCC U16"]
[Site "Quebec CAN"]
[Date "2018.07.03"]
[Round "3.26"]
[White "Zwart, Justin"]
[Black "Chen, Shawn"]
[Result "0-1"]
[WhiteElo "1381"]
[BlackElo "960"]
[PlyCount "72"]
[EventDate "2018.07.02"]
[EventType "swiss"]
[EventRounds "7"]
[EventCountry "CAN"]

1. c4 c6 2. d4 d6 3. Nf3 Nd7 4. Bf4 Ngf6 5. Nc3 b6 6. e4 Qc7 7. Bg3 e5 8. d5
cxd5 9. cxd5 Nc5 10. Rc1 Qe7 11. Bb5+ Bd7 12. Bxd7+ Qxd7 13. Nd2 Nd3+ 14. Ke2
Nxc1+ 15. Qxc1 g6 16. Nf3 Rc8 17. Qd2 Bg7 18. Rc1 O-O 19. Kf1 Ng4 20. h3 Bh6
21. Qd1 Bxc1 22. Qxc1 Nf6 23. Qg5 Nh5 24. Bh4 f5 25. Kg1 f4 26. Nh2 Nf6 27. Qh6
Qg7 28. Qxg7+ Kxg7 29. Nf3 h6 30. Bxf6+ Rxf6 31. Nb5 Rc2 32. Nxa7 Rxb2 33. a3
b5 34. Kh2 b4 35. axb4 Rxb4 36. Ne1 Rxe4 0-1